| 000 | 00000nam##2200000za#4500 |
| 001 | 9.641900 |
| 003 | CaOODSP |
| 005 | 20210624223435 |
| 007 | cr ||||||||||| |
| 008 | 150407|1980||||xxc|||||o f|0| 0 fre|d |
| 040 | |aCaOODSP|bfre |
| 043 | |an-cn--- |
| 086 | 1 |aA53-868/1980F-PDF |
| 110 | 1 |aCanada.|bAgriculture Canada. |bDirection générale de recherche. |
| 245 | 10|aFumiers et compost / |h[ressource électronique]|c[par] A.J. MacLean et F.R. Hore. |
| 250 | |aRévision 1980 |
| 260 | |aOttawa - Ontario : |bAgriculture Canada. |c1980 (Réimpression 1983). |
| 300 | |a20p.|btableaux |
| 500 | |aPublication historique numérisée par Agriculture et Agroalimentaire Canada. |
| 590 | |a13-17-Supp|b2013-07-25 |
| 691 | 07|aEngrais|2gcpds |
| 691 | 07|aFumier|2gcpds |
| 691 | 07|aQualité des sols|2gcpds |
| 691 | 07|aSol|2gcpds |
| 775 | 08|tManures and compost / |w(CaOODSP)9.698189 |
| 856 | 40|ahttp://publications.gc.ca|qPDF|s958 Ko|uhttps://publications.gc.ca/collections/collection_2013/aac-aafc/agrhist/A53-868-1980-fra.pdf |
| 986 | |a868 |